Cyclisme: Top 30 du Tour d'Espagne / de la Vuelta 2022 - Statistiques

Statistiques générales
  • Ce quiz a été pris 291 fois
  • Le résultat moyen est 14 sur 30
Statistiques - réponses
Pos Équipe Coureur % Correct
2ème Movistar Team Enric Mas
95%
1er Quick-Step Alpha Vinyl Team Remco Evenepoel
95%
3ème UAE Team Emirates Juan Ayuso
75%
8ème AG2R Citroën Team Ben O'Connor
74%
5ème UAE Team Emirates Joao Almeida
74%
17ème Groupama-FDJ Thibaut Pinot
72%
9ème EF Education-EasyPost Rigoberto Uran
66%
7ème INEOS Grenadiers Carlos Rodriguez
65%
11ème Intermarché-Wanty-Gobert Louis Meintjes
64%
10ème BORA-hansgrohe Jai Hindley
63%
4ème Astana Qazaqstan Team Miguel Angel Lopez
63%
15ème Bahrain Victorious Mikel Landa
63%
14ème INEOS Grenadiers Richard Carapaz
62%
6ème Team DSM Thymen Arensman
55%
13ème Movistar Team Alejandro Valverde
52%
27ème UAE Team Emirates Marc Soler
48%
18ème BORA-hansgrohe Wilco Kelderman
39%
19ème INEOS Grenadiers Tao Geoghegan Hart
38%
25ème EF Education-EasyPost Hugh Carthy
36%
23ème BORA-hansgrohe Sergio Higuita
33%
20ème Bahrain Victorious Gino Mäder
30%
16ème Bahrain Victorious Luis León Sanchez
29%
12ème UAE Team Emirates Jan Polanc
21%
30ème Jumbo-Visma Sam Oomen
20%
24ème Groupama-FDJ Sebastian Reichenbach
19%
28ème Euskaltel-Euskadi Mikel Bizkarra
17%
21ème Astana Qazaqstan Team David De La Cruz
15%
22ème Burgos-BH Oscar Cabedo
13%
26ème Equipo Kern Pharma José Félix Parra
12%
29ème Intermarché-Wanty-Gobert Jan Bakelants
11%
Aucun quiz correspondant
Distribution des résultats
% des personnes avec chaque résultat
Percentile par nombre de réponses
Votre historique - résultats
Vous n’avez pas pris ce quiz